000 00830nam a2200241Ia 4500
003 CO-CtgCURN
005 20250409210212.0
008 190723s9999 xx 000 0 und d
020 _a9586763382
040 _aCO-CtgCURN
_bspa
_ccoctgcurn
082 _a347.06
_bT596
100 _aTirado Hernandez, Jorge
245 0 _aCurso de pruebas judiciales :
_bparte general /
_cJorge Tirado Hernandez
260 _aBogotá, Colombia :
_bEdiciones Doctrina y Ley,
_c2006
300 _a571 páginas ;
_c24 centímetros
521 _aAREA PROFESIONAL
590 _aPrograma de Derecho_18
650 _aDerecho probatorio
650 _aPueba (Derecho)
942 _cBK
_h347.06
_iT596
_2ddc
999 _c29733
_d29733